El plan Puebla : siete años de experiencia, 1967-1973: análisis de un programa para ayudar a agricultores minifundistas de subsistencia a aumentar su producción en una región de temporal de México.
Guardado en:
| Autor Corporativo: | |
|---|---|
| Formato: | Libro |
| Idioma: | Spanish |
| Publicado: |
México :
CIMMYT,
1974.
|
| Etiquetas: |
Agregar Etiqueta
Sin Etiquetas, Sea el primero en etiquetar este registro!
|
| LEADER | 00602nam a22001335a 4500 | ||
|---|---|---|---|
| 001 | EEA.libagro003151 | ||
| 005 | 20190624124840.0 | ||
| 008 | 130809s1974####mx#a##########000#0#spa#d | ||
| 082 | 0 | 4 | |a 630.715 |
| 245 | 1 | 3 | |a El plan Puebla : |b siete años de experiencia, 1967-1973: análisis de un programa para ayudar a agricultores minifundistas de subsistencia a aumentar su producción en una región de temporal de México. |
| 260 | |a México : |b CIMMYT, |c 1974. | ||
| 300 | |a 127 p. : |b il. ; |c 28 cm. | ||
| 710 | 2 | |a Centro Internacional de Mejoramiento de Maíz y Trigo. | |
| 859 | |a AR-BbBCA |b BIB. AGRONOMIA |h 630.715 |i C573 |p 1982/0036 | ||
